000
00293nam a2200121Ia 4500
008
190216s9999||||xx |||||||||||||| ||und||
100
_a
O N V Kurup
245
0
_a
Oru Devathayum Randu Chakravarthimarum
260
_b
M S Book Depot
_c
1958
300
_a
65p
650
_a
Kavithkal
942
_c
BK
999
_c
24163
_d
24163